00000000nam##2200000za#4500
0019.700014
003CaOODSP
00520210625000637
007cr |||||||||||
008150407|1976||||xxc|||||o    f|0| 0 eng|d
040 |aCaOODSP|beng
043 |an-cn---
0861 |aJS22-34/1976E-PDF
1101 |aCanada. |bSolicitor General Canada.
24514|aThe report of the Commission of Inquiry Relating to Public Complaints, Internal Discipline and Grievance Procedure Within the Royal Canadian Mounted Police / |h[electronic resource]|ccommissioners : René J. Marin (chairman), Robin P. Bourne, Robert A. Potvin, Donald K. Wilson, and Ross Wimmer.
260 |bSolicitor General Canada |c1976.
300 |a217p.|bfig., table
500 |aHistorical publication digitized in 2012 by Privy Council Office of Canada.
590 |a15-04-Supp|b2015-03-19
69007|aCommissions of inquiry|2gcpds
69007|aComplaints|2gcpds
69007|aPolice services|2gcpds
77508|tLe rapport de la Commission d'enquête sur les plaintes du public, la discipline interne et le règlement des griefs au sein de la Gendarmerie royale du Canada / |w(CaOODSP)9.643929
85640|ahttp://publications.gc.ca|qPDF|s7.61 MB|uhttps://publications.gc.ca/collections/collection_2014/sp-ps/JS22-34-1976-eng.pdf